000 00253nam a2200121Ia 4500
100 _aDEOPUJARI/U.P.
942 _cBK
245 _aMAHARASHTRA REVISE PAY RULES
260 _bNagpur Law House
_aNagpur
300 _a41
546 _aENGLISH
999 _c26647
_d26647